| 000 | 00469nam a2200157 i 4500 | ||
|---|---|---|---|
| 001 | 39476 | ||
| 003 | ES-MaACL | ||
| 005 | 20230906160008.0 | ||
| 007 | t| | ||
| 008 | 030303s1883 sp ||||1| spa d | ||
| 100 | 1 |
_aCancio Villa-Amil, Mariano. _934438 |
|
| 245 | 1 | 0 |
_aCuba _b: su presupuesto de gastos / _cMariano Cancio Villa-Amil. |
| 260 |
_aMadrid : _b[s.n.], _c1883 ( _fImpr. de R. Moreno y R. rojas) |
||
| 300 |
_a140 p. ; _c20 cm. |
||
| 852 |
_aES-MaACL _jT-363-F-8 |
||
| 999 |
_c39476 _d39476 |
||